000 00432nam a2200193Ia 4500
005 20250603144543.0
008 250603s9999 xx 000 0 und d
020 _a81-259-1662-8
050 _aTK 7816 .P52/
100 _aBasavaraj, B.
245 0 _aBasic electronics
250 _a2nd ed.
260 _aNew Delhi
260 _bVikas Publishing
260 _c2008
300 _a408 p
650 _aNew Delhi
942 _cBK
999 _c39263
_d39263